Petita història de Torrelavit /
ISBN:
9788499796635
Descripción Física:
[16] pàgines ; il·lustracions en color ; 27 cm
Colección:
Petites històries
; 326
Idioma:
Catalán
MARC
| LEADER | 00000nam a22000007a 4500 | ||
|---|---|---|---|
| 001 | 25223 | ||
| 003 | Arxiu | ||
| 005 | 20260324180728.0 | ||
| 008 | 220329b spa||||| |||| 00| 0 cat d | ||
| 017 | |a B 7052-2020 | ||
| 020 | |a 9788499796635 | ||
| 041 | |a cat | ||
| 245 | |a Petita història de Torrelavit / |c Text: Cati Morell ; Il·lustració: Pilarín Bayés ; Assessorament històric: Pere Rovira | ||
| 250 | |a Primera edició ; |b amb el suport de l'Ajuntament de Torrelavit i la Diputació de Barcelona | ||
| 260 | |a Barcelona : |b Editorial Mediterrània ; |c març de 2020 | ||
| 300 | |a [16] pàgines ; |b il·lustracions en color ; |c 27 cm | ||
| 490 | |a Petites històries |v 326 | ||
| 650 | 0 | |9 52616 |a Torrelavit (Catalunya) |v Llibres per a infants | |
| 700 | |9 52614 |a Morell, Cati |e text | ||
| 700 | |a Bayés, Pilarín, |d 1941- |e il·lustració |9 47310 | ||
| 700 | |9 52615 |a Rovira, Pere |4 assessorament històric | ||
| 942 | |2 udc |n 1 |c ARXIU | ||
| 952 | |0 0 |1 0 |2 udc |4 0 |6 FU67124 |7 1 |9 61178 |a Arxiu |b Arxiu |d 2022-03-29 |l 0 |o FU-67-124 |p 25223 |r 2022-03-29 00:00:00 |w 2022-03-29 |y ARXIU | ||
| 999 | |c 81238 |d 81238 | ||